000 00906nam0a22002651 4500
001 rc\4584728
005 20250611201447.0
021 _aRU
_b[65-80721]
035 _a(NLR Aleph) 008381071
090 _a9117965
_c9117965
100 _a20130416d1965 |||y0rusy50 ca
101 1 _arus
_cest
102 _aRU
105 _ay z |||a|
200 1 _aБереговая ласточка
_eСтихи и поэма ["Поэма о пярнуской салаке"]
_eПер. с эст.
210 _aМосква
_cСов. писатель
_d1965
215 _a112 с.
_d16
300 _aВ вып. дан. авт.: Мерилаас (Санг) Керсти Яновна
700 1 _7ca
_8rus
_aМерилаас
_bК.
_f1913-1986
_gКерсти
_9231693
_3RU\NLR\AUTH\770231749
801 0 _aRU
_bNLR
_gpsbo
801 1 _aRU
_bELAR
_2rusmarc
852 _aNLR
_j65-2/2493
942 _cBOOK
980 _aNB